000 00669nam a2200217 a 4500
001 000030430
005 20240412074254.0
008 110517s2011 dr 000 p spa d
020 _a9789945004083
040 _aDO-SdBNP
_bspa
_cBNPHU
082 _aRD861.44
_bM516b, 2011
100 1 _aMejía Vásquez, Norberto,
_d1964-
_924923
245 1 3 _aEl buen amor entre poemas /
_cNorberto Mejía Vásquez.
250 _a3a ed.
260 _aSanto Domingo :
_bBúho,
_c2011.
300 _a124 p. ;
_c22 cm.
590 _aInventariado, 2018/BT
650 0 _aPoesía dominicana
_966
650 0 _aLiteratura dominicana.
_967
910 _aValidado. Control de calidad. MMOLINA
999 _c29922
_d29922